[Event "Hastings Chess Congress"]
[Site "Hastings ENG"]
[Date "2008.12.28"]
[EventDate "2008.12.28"]
[Round "1"]
[Result "0-1"]
[White "Timothy Spanton"]
[Black "George Dickson"]
[WhiteElo "1982"]
[BlackElo "2135"]
[PlyCount "54"]

1. e4 e5 2. Nf3 Nc6 3. Bb5 a6 4. Bxc6 dxc6 5. Nc3 Bg4 6. h3
Bxf3 7. Qxf3 Qf6 8. Qg3 Bd6 9. d3 Qg6 10. Qxg6 hxg6 11. Be3 f5
12. f3 O-O-O 13. O-O-O Nf6 14. d4 exd4 15. Bxd4 fxe4 16. Bxf6
gxf6 17. Nxe4 f5 18. Nf2 Rhe8 19. Nd3 Re2 20. Rd2 Bf4 21. Nxf4
Rexd2 22. Nxg6 Rxg2 23. Ne7+ Kd7 24. Nxf5 Ke6 25. Ne3 Rg3
26. Re1 Rxh3 27. Ng4+ Kf5 0-1

[Event "Hastings Chess Congress"]
[Site "Hastings ENG"]
[Date "2008.12.28"]
[EventDate "2008.12.28"]
[Round "1"]
[Result "0-1"]
[White "R Alan Barton"]
[Black "Richard J Webster"]
[WhiteElo "2131"]
[BlackElo "1975"]
[PlyCount "102"]

1. d4 d5 2. Nf3 c6 3. c4 Nf6 4. cxd5 cxd5 5. Nc3 Nc6 6. Bf4 g6
7. h3 Bg7 8. e3 a6 9. Be2 O-O 10. O-O b5 11. Ne5 Bb7 12. Rc1
Rc8 13. Nxc6 Bxc6 14. Qb3 Qa5 15. a3 Rfd8 16. Rc2 Bd7 17. g4
Be6 18. Rfc1 Ne4 19. f3 g5 20. Bh2 Nxc3 21. Rxc3 Rxc3 22. Rxc3
Rc8 23. Rxc8+ Bxc8 24. Kf2 Qd2 25. f4 gxf4 26. Bxf4 Bxd4
27. Bh6 Bxb2 28. Kf3 Be6 29. a4 d4 30. Qd1 Qxd1 31. Bxd1 Bc1
32. Bf4 b4 33. exd4 Bxf4 34. Kxf4 b3 35. a5 b2 36. Bc2 Ba2
37. g5 b1=Q 38. Bxb1 Bxb1 39. Ke5 Kf8 40. d5 Ke8 41. d6 e6
42. h4 Bg6 43. Kd4 Kd7 44. Kc5 Bd3 45. Kd4 Be2 46. Ke5 Bh5
47. Kf6 Kxd6 48. Kg7 Bg6 49. h5 Bxh5 50. Kxh7 e5 51. Kh6 Bg6
0-1

[Event "Hastings Chess Congress"]
[Site "Hastings ENG"]
[Date "2008.12.28"]
[EventDate "2008.12.28"]
[Round "1"]
[Result "1-0"]
[White "David Cilia Vincenti"]
[Black "Birk Anders Rolvaag"]
[WhiteElo "2108"]
[BlackElo "1880"]
[PlyCount "83"]

1. d4 d5 2. c4 e6 3. Nc3 Nf6 4. cxd5 exd5 5. Bg5 Be7 6. e3 O-O
7. Bd3 c6 8. Nge2 Nh5 9. Bxe7 Qxe7 10. Qc2 g6 11. O-O-O Nd7
12. Ng3 Ng7 13. h4 Nf6 14. e4 dxe4 15. Ncxe4 Nd5 16. a3 Ne6
17. Bc4 Rd8 18. h5 Ndf4 19. hxg6 hxg6 20. Bxe6 Nxe6 21. Qd2 f5
22. Rh6 Qg7 23. Rdh1 fxe4 24. Rh8+ Qxh8 25. Rxh8+ Kxh8
26. Qh6+ Kg8 27. Qxg6+ Kf8 28. Qf6+ Kg8 29. Nf5 Kh7 30. Qf7+
Kh8 31. Ne7 Nf4 32. Qxf4 Kg7 33. Qc7 Bd7 34. Qd6 Kf7 35. Ng6
Be6 36. Ne5+ Kf6 37. Ng4+ Kf5 38. Nh6+ Kf6 39. Qe5+ Ke7
40. Nf5+ Kd7 41. Qd6+ Kc8 42. Ne7+ 1-0

[Event "Hastings Chess Congress"]
[Site "Hastings ENG"]
[Date "2008.12.28"]
[EventDate "2008.12.28"]
[Round "1"]
[Result "1-0"]
[White "George P W Salimbeni"]
[Black "Einora Juciute"]
[WhiteElo "2103"]
[BlackElo "1815"]
[PlyCount "61"]

1. e4 e6 2. d4 d5 3. Nd2 c5 4. Ngf3 Nc6 5. exd5 exd5 6. Be2
Bf5 7. dxc5 Bxc5 8. Nb3 Qb6 9. Nxc5 Qxc5 10. c3 Nge7 11. Be3
Qd6 12. O-O O-O 13. Qd2 Ng6 14. Rad1 Rfd8 15. Rfe1 h6 16. Nd4
Nxd4 17. Qxd4 b6 18. h4 Ne7 19. Bf3 Qg6 20. h5 Qh7 21. Qh4 Rd7
22. Bxh6 Be6 23. Be3 Rc8 24. Qg5 f6 25. Qf4 Kf7 26. Bd4 Bf5
27. g4 g5 28. Rxe7+ Rxe7 29. Bxd5+ Be6 30. Qxf6+ Ke8 31. Bxe6
1-0

[Event "Hastings Chess Congress"]
[Site "Hastings ENG"]
[Date "2008.12.28"]
[EventDate "2008.12.28"]
[Round "1"]
[Result "0-1"]
[White "Adrian Conde"]
[Black "Andrew D Green"]
[WhiteElo "2067"]
[BlackElo "2102"]
[PlyCount "74"]

1. c4 g6 2. Nc3 Bg7 3. Nf3 c5 4. e3 Nf6 5. Be2 O-O 6. O-O Nc6
7. a3 d5 8. cxd5 Nxd5 9. d4 cxd4 10. exd4 Be6 11. Re1 Rc8
12. Be3 Na5 13. Nxd5 Bxd5 14. Nd2 Qd7 15. Bf3 Rfd8 16. Bg4 f5
17. Bf3 Nc6 18. Rc1 e5 19. Bxd5+ Qxd5 20. Bg5 Re8 21. Rc5 Qxd4
22. Qb3+ Kh8 23. Rd5 Qg4 24. Be3 f4 25. f3 Qf5 26. Nc4 fxe3
27. Nd6 Qe6 28. Nxc8 Qxc8 29. Qxe3 Qf5 30. Kh1 Qh5 31. b4 Rf8
32. Rd7 Bh6 33. Qc5 Rg8 34. Rxb7 Bf4 35. Qg1 Nd4 36. Re4 Rd8
37. Rf7 Nxf3 0-1

[Event "Hastings Chess Congress"]
[Site "Hastings ENG"]
[Date "2008.12.28"]
[EventDate "2008.12.28"]
[Round "1"]
[Result "1-0"]
[White "Chino C Atako"]
[Black "James S Macrae"]
[WhiteElo "2100"]
[BlackElo "1778"]
[PlyCount "47"]

1. e4 Nc6 2. d4 d5 3. Nc3 dxe4 4. d5 Ne5 5. Qd4 Ng6 6. Bb5+
Bd7 7. Nge2 Nf6 8. Bg5 a6 9. Bxf6 exf6 10. Qxe4+ Be7 11. Bxd7+
Qxd7 12. Nd4 O-O 13. O-O Rfe8 14. Nf5 Bf8 15. Qg4 Rad8
16. Rfe1 Re5 17. Rxe5 Nxe5 18. Qe4 g6 19. Ne3 Bh6 20. h3 Bxe3
21. Qxe3 Qe8 22. Re1 Qf8 23. Qf4 Kg7 24. g4 1-0

[Event "Hastings Chess Congress"]
[Site "Hastings ENG"]
[Date "2008.12.28"]
[EventDate "2008.12.28"]
[Round "1"]
[Result "0-1"]
[White "Tom C O'Neill"]
[Black "Nigel P Donovan"]
[WhiteElo "1518"]
[BlackElo "2093"]
[PlyCount "40"]

1. e4 c5 2. Nf3 e6 3. d4 cxd4 4. Nxd4 Nf6 5. Nc3 d6 6. Be3 a6
7. f3 b5 8. Qd2 Nbd7 9. O-O-O Bb7 10. g4 h6 11. g5 hxg5
12. Bxg5 Qc7 13. h4 O-O-O 14. Bxb5 axb5 15. Ndxb5 Qa5
16. Nxd6+ Bxd6 17. Qxd6 Ne5 18. Qe7 Rde8 19. b4 Qa3+ 20. Kb1
Rxe7 0-1

[Event "Hastings Chess Congress"]
[Site "Hastings ENG"]
[Date "2008.12.29"]
[EventDate "2008.12.28"]
[Round "2"]
[Result "1/2-1/2"]
[White "Luis Javier Bernal Moro"]
[Black "Emanuel Berg"]
[WhiteElo "2451"]
[BlackElo "2623"]
[PlyCount "80"]

1. c4 g6 2. d4 Bg7 3. e4 Nc6 4. Nf3 d6 5. d5 Nb8 6. h3 Nf6
7. Nc3 O-O 8. Bd3 c6 9. O-O a6 10. Re1 b5 11. a3 bxc4 12. Bxc4
Bb7 13. Bg5 Nbd7 14. Rc1 Rc8 15. Qe2 cxd5 16. Nxd5 a5 17. b4
axb4 18. axb4 h6 19. Bxf6 Nxf6 20. Ba6 Rxc1 21. Nxf6+ Bxf6
22. Rxc1 Qb6 23. Bxb7 Qxb7 24. b5 Rb8 25. Rb1 Qb6 26. Qc4 Rb7
27. Rb3 Rc7 28. Qe2 Kg7 29. Qe3 Rc5 30. g3 e6 31. h4 h5
32. Nd4 Bxd4 33. Qxd4+ e5 34. Qd3 Kf6 35. Kg2 Ke6 36. Rb2 Ke7
37. Rb1 Ke6 38. Qb3+ Ke7 39. Qd3 Kd7 40. Qb3 Ke7 1/2-1/2

[Event "Hastings Chess Congress"]
[Site "Hastings ENG"]
[Date "2008.12.29"]
[EventDate "2008.12.28"]
[Round "2"]
[Result "1/2-1/2"]
[White "Igor Kurnosov"]
[Black "Alexander Cherniaev"]
[WhiteElo "2606"]
[BlackElo "2438"]
[PlyCount "63"]

1. e4 c5 2. Nf3 Nc6 3. d4 cxd4 4. Nxd4 Nf6 5. Nc3 e5 6. Ndb5
d6 7. Bg5 a6 8. Na3 b5 9. Nd5 Be7 10. Bxf6 Bxf6 11. c4 b4
12. Nc2 Rb8 13. g3 O-O 14. b3 Be6 15. h4 a5 16. Bh3 Be7
17. Bf5 g6 18. Bh3 Qd7 19. Bg2 f5 20. h5 f4 21. hxg6 hxg6
22. Qd2 Bg5 23. Rd1 Rbd8 24. gxf4 Bxf4 25. Nxf4 Rxf4 26. Qe3
Kg7 27. f3 Qa7 28. Ke2 Qxe3+ 29. Kxe3 Rff8 30. Bh3 Bf7 31. Bg4
Rh8 32. Rxh8 1/2-1/2

[Event "Hastings Chess Congress"]
[Site "Hastings ENG"]
[Date "2008.12.29"]
[EventDate "2008.12.28"]
[Round "2"]
[Result "1/2-1/2"]
[White "Thomas E Rendle"]
[Black "Milos Pavlovic"]
[WhiteElo "2385"]
[BlackElo "2524"]
[PlyCount "66"]

1. e4 e5 2. Nf3 Nc6 3. Bc4 Nf6 4. d3 Be7 5. O-O O-O 6. Re1 d6
7. a4 Na5 8. Ba2 c5 9. Nc3 Nc6 10. Nd5 Nxd5 11. Bxd5 Be6
12. c3 Qc7 13. Qb3 Na5 14. Qa2 c4 15. dxc4 Nxc4 16. Bxe6 fxe6
17. a5 d5 18. exd5 exd5 19. b3 e4 20. bxc4 exf3 21. cxd5 Kh8
22. Ba3 Bxa3 23. Qxa3 Qd7 24. gxf3 Rxf3 25. Qc5 Raf8 26. Ra2
h6 27. Re3 Qg4+ 28. Kh1 Qf5 29. Rae2 Rxf2 30. Qxf8+ Qxf8
31. Re8 Rf1+ 32. Kg2 Rf2+ 33. Kh1 Rf1+ 1/2-1/2

[Event "Hastings Chess Congress"]
[Site "Hastings ENG"]
[Date "2008.12.29"]
[EventDate "2008.12.28"]
[Round "2"]
[Result "0-1"]
[White "Luc Bergez"]
[Black "Mark Hebden"]
[WhiteElo "2356"]
[BlackElo "2515"]
[PlyCount "92"]

1. e4 e5 2. Nf3 Nc6 3. Bc4 Nf6 4. d4 exd4 5. e5 d5 6. Bb5 Ne4
7. Nxd4 Bc5 8. Nxc6 Bxf2+ 9. Ke2 Qd7 10. e6 fxe6 11. Nxa7 c6
12. Nxc8 cxb5 13. Nd2 Ra4 14. Nxe4 Rxe4+ 15. Kxf2 O-O+ 16. Kg3
Qxc8 17. Kh3 Qc4 18. g3 Rf2 19. Re1 Rd4 20. Qh5 Re4 21. Be3
Rf5 22. Qe8+ Rf8 23. Qe7 Qc8 24. c3 d4 25. cxd4 e5+ 26. Kg2
Qc2+ 27. Kh1 exd4 28. Bxd4 Rxe7 29. Rxe7 Qc6+ 30. Kg1 Rf7
31. Rxf7 Kxf7 32. a3 Qd5 33. Rf1+ Kg8 34. Bc3 g5 35. g4 Qd3
36. Re1 Qf3 37. Re5 Qxg4+ 38. Kh1 h6 39. Re1 Kf7 40. Re3 Qf4
41. Re1 Qf2 42. Rg1 Kg6 43. Rg2 Qf1+ 44. Rg1 Qf3+ 45. Rg2 h5
46. Bd2 Qd1+ 0-1

[Event "Hastings Chess Congress"]
[Site "Hastings ENG"]
[Date "2008.12.29"]
[EventDate "2008.12.28"]
[Round "2"]
[Result "1/2-1/2"]
[White "Jack Rudd"]
[Black "Simon Kim Williams"]
[WhiteElo "2344"]
[BlackElo "2494"]
[PlyCount "61"]

1. e4 c5 2. Nf3 d6 3. d4 cxd4 4. Nxd4 Nf6 5. Nc3 g6 6. Be3 a6
7. f3 b5 8. Qd2 Bb7 9. O-O-O Nbd7 10. Kb1 Rc8 11. Nb3 Bg7
12. Ne2 O-O 13. Bh6 Nb6 14. Bxg7 Kxg7 15. h4 Nc4 16. Qc1 h5
17. Nbd4 e5 18. Nf5+ gxf5 19. Ng3 Ne8 20. Nxf5+ Kg8 21. Rh3
Qf6 22. Rg3+ Kh7 23. Rg5 Rh8 24. g4 hxg4 25. Bxc4 Rxc4 26. Rg1
Bxe4 27. R1xg4 Bxc2+ 28. Qxc2 Qxg5 29. Rxg5 Rxc2 30. Kxc2 Rg8
31. Rh5+ 1/2-1/2

[Event "Hastings Chess Congress"]
[Site "Hastings ENG"]
[Date "2008.12.29"]
[EventDate "2008.12.28"]
[Round "2"]
[Result "1/2-1/2"]
[White "Aaron Summerscale"]
[Black "Julian Antonio Rojas Alarcon"]
[WhiteElo "2467"]
[BlackElo "2187"]
[PlyCount "78"]

1. d4 Nf6 2. Nf3 e6 3. e3 b6 4. Bd3 Bb7 5. O-O d6 6. c4 Nbd7
7. Nc3 e5 8. d5 g6 9. e4 Bg7 10. Rb1 Nh5 11. g3 O-O 12. b4 h6
13. Ne1 c5 14. dxc6 Bxc6 15. Nc2 Re8 16. Ne3 Nhf6 17. Ned5 Nf8
18. Qf3 N6h7 19. Bc2 Rc8 20. Qd3 Ne6 21. Be3 Nhg5 22. f3 h5
23. Rbd1 h4 24. f4 Nh7 25. f5 Nd4 26. f6 Bf8 27. Bxd4 exd4
28. Qxd4 Qd7 29. Qd2 hxg3 30. hxg3 Qh3 31. Qg2 Qxg2+ 32. Kxg2
Bxd5 33. Nxd5 Rxc4 34. Bd3 Rd4 35. Bc2 Rc4 36. Bd3 Rd4 37. Bb1
Rxd1 38. Rxd1 Re6 39. Rf1 Bh6 1/2-1/2

[Event "Hastings Chess Congress"]
[Site "Hastings ENG"]
[Date "2008.12.29"]
[EventDate "2008.12.28"]
[Round "2"]
[Result "1/2-1/2"]
[White "John N Sugden"]
[Black "Simon T Ansell"]
[WhiteElo "2173"]
[BlackElo "2410"]
[PlyCount "68"]

1. e4 c5 2. Nc3 Nc6 3. g3 g6 4. Bg2 Bg7 5. d3 d6 6. f4 e6
7. Nf3 Nge7 8. O-O O-O 9. Bd2 b6 10. Rb1 Bb7 11. a3 Rc8 12. b4
cxb4 13. axb4 Nxb4 14. Rxb4 Bxc3 15. Bxc3 Rxc3 16. Qa1 Rxc2
17. Nd4 Rc7 18. Nb5 Rd7 19. Nxa7 d5 20. e5 Nf5 21. Rfb1 Ba8
22. Nb5 Ne3 23. Nd4 Rb7 24. Qb2 Qd7 25. Bh3 Rc8 26. Kf2 Nf5
27. Bxf5 gxf5 28. Rxb6 Rxb6 29. Qxb6 Qa4 30. Qb4 Qa2+ 31. Rb2
Qa1 32. Rb1 Qa2+ 33. Rb2 Qa1 34. Rb1 Qa2+ 1/2-1/2

[Event "Hastings Chess Congress"]
[Site "Hastings ENG"]
[Date "2008.12.29"]
[EventDate "2008.12.28"]
[Round "2"]
[Result "0-1"]
[White "Martyn Goodger"]
[Black "Richard A Bates"]
[WhiteElo "2164"]
[BlackElo "2387"]
[PlyCount "62"]

1. e4 c5 2. c3 d6 3. d4 Nf6 4. Bd3 Nc6 5. Nf3 e5 6. dxe5 dxe5
7. Na3 h6 8. h3 Be7 9. Nc4 Qc7 10. a4 Be6 11. Qe2 O-O-O
12. O-O Nh5 13. Ne1 Nf4 14. Bxf4 exf4 15. Na3 Ne5 16. Bc2 g5
17. Rd1 Rxd1 18. Bxd1 h5 19. Nb5 Qb6 20. Qd2 Rd8 21. Qc2 Bc4
22. Be2 Bxe2 23. Qxe2 g4 24. c4 f3 25. gxf3 Bg5 26. f4 Bxf4
27. Qc2 a6 28. Nc3 Nf3+ 29. Nxf3 gxf3 30. e5 Rg8+ 31. Kh1 Qe6
0-1

[Event "Hastings Chess Congress"]
[Site "Hastings ENG"]
[Date "2008.12.29"]
[EventDate "2008.12.28"]
[Round "2"]
[Result "1/2-1/2"]
[White "Robert Eames"]
[Black "Francis Rayner"]
[WhiteElo "2329"]
[BlackElo "2151"]
[PlyCount "70"]

1. d4 Nf6 2. c4 e6 3. Nc3 Bb4 4. Qc2 c5 5. dxc5 Bxc5 6. Nf3
Qb6 7. e3 Be7 8. Bd3 d6 9. a3 a6 10. O-O Nbd7 11. b4 Qc7
12. Bb2 b6 13. Ne4 Bb7 14. Rac1 h6 15. Nxf6+ Nxf6 16. Nd4 O-O
17. f3 Rac8 18. Qf2 Rfe8 19. g4 Qd8 20. Rfd1 d5 21. Ne2 Bd6
22. Ng3 Qe7 23. cxd5 Rxc1 24. Rxc1 Nxd5 25. e4 Nf4 26. Bf1 b5
27. Bd4 Qg5 28. Rd1 Bb8 29. Be3 Rd8 30. Rxd8+ Qxd8 31. Qd2
Qxd2 32. Bxd2 Be5 33. Kf2 Kf8 34. Be3 Ke7 35. Ke1 Kd7 1/2-1/2

[Event "Hastings Chess Congress"]
[Site "Hastings ENG"]
[Date "2008.12.29"]
[EventDate "2008.12.28"]
[Round "2"]
[Result "1/2-1/2"]
[White "Ryan Rhys Griffiths"]
[Black "Vladimir Prosviriakov"]
[WhiteElo "2107"]
[BlackElo "2327"]
[PlyCount "86"]

1. e4 e6 2. d4 d5 3. Nc3 dxe4 4. Nxe4 Bd7 5. Nf3 Bc6 6. Bd3
Nd7 7. O-O Ngf6 8. Ng3 Bxf3 9. Qxf3 c6 10. b3 Be7 11. Bb2 O-O
12. c4 a5 13. a3 Re8 14. Rfe1 Nf8 15. Nf1 Ng6 16. Nd2 Qc7
17. g3 Rad8 18. Qe2 Qb6 19. Bc2 Qa7 20. Nf3 Bf8 21. Kg2 Qa8
22. h4 b6 23. Ne5 c5+ 24. Qf3 cxd4 25. Qxa8 Rxa8 26. Nxg6 hxg6
27. Bxd4 Bc5 28. Rad1 Rad8 29. Bxc5 bxc5 30. Rxd8 Rxd8 31. Rd1
Rxd1 32. Bxd1 Kf8 33. Kf3 Ke7 34. Ke3 Kd6 35. Kd3 e5 36. Bf3
Nd7 37. Kc3 f5 38. b4 e4 39. Be2 axb4+ 40. axb4 Ne5 41. b5 Nd7
42. Kd2 Ke5 43. Ke3 Nb6 1/2-1/2

[Event "Hastings Chess Congress"]
[Site "Hastings ENG"]
[Date "2008.12.29"]
[EventDate "2008.12.28"]
[Round "2"]
[Result "1-0"]
[White "Sahaj Grover"]
[Black "George P W Salimbeni"]
[WhiteElo "2313"]
[BlackElo "2103"]
[PlyCount "65"]

1. e4 e5 2. Nf3 Nc6 3. Bb5 a6 4. Ba4 Nf6 5. Qe2 b5 6. Bb3 Be7
7. O-O O-O 8. c3 d5 9. d3 Bb7 10. Rd1 Re8 11. Nbd2 Bf8 12. Nf1
h6 13. Ng3 Na5 14. Bc2 c5 15. h3 Qc7 16. Nh2 Rad8 17. Ng4 Nxg4
18. hxg4 d4 19. g5 hxg5 20. Bxg5 f6 21. Bd2 Bc8 22. cxd4 cxd4
23. Bxa5 Qxa5 24. Bb3+ Be6 25. Bxe6+ Rxe6 26. Qg4 Rc6 27. Nf5
Qc7 28. Qg6 Rc8 29. g3 Bb4 30. Kg2 Qb7 31. Rh1 R6c7 32. Rh7
Bd2 33. Rah1 1-0

[Event "Hastings Chess Congress"]
[Site "Hastings ENG"]
[Date "2008.12.29"]
[EventDate "2008.12.28"]
[Round "2"]
[Result "0-1"]
[White "Andrew D Green"]
[Black "Petr Marusenko"]
[WhiteElo "2102"]
[BlackElo "2320"]
[PlyCount "82"]

1. e4 c6 2. d4 d5 3. e5 c5 4. dxc5 e6 5. Nf3 Bxc5 6. Bd3 Ne7
7. Nbd2 Nbc6 8. O-O Ng6 9. Nb3 Bb6 10. Qe2 Bc7 11. Bxg6 hxg6
12. Nc5 Qe7 13. Nd3 b6 14. Bg5 f6 15. Nf4 Qf7 16. exf6 gxf6
17. Bxf6 O-O 18. Nxg6 Qxg6 19. Bc3 Qh5 20. h3 e5 21. Qb5 Ne7
22. Nxe5 Bxe5 23. Bxe5 Qxe5 24. Rae1 Qg7 25. Re3 Bf5 26. Rfe1
a6 27. Qxb6 Ng6 28. Qc5 Rad8 29. Rg3 Qf6 30. Re7 Kh8 31. Rb7
Nf4 32. Qe3 Bxc2 33. Rg4 d4 34. Qd2 Be4 35. Ra7 d3 36. Kh2
Bxg2 37. Qa5 Be4 38. Rxa6 Ne6 39. Qh5+ Bh7 40. Ra7 Qxf2+
41. Rg2 Qxg2+ 0-1

[Event "Hastings Chess Congress"]
[Site "Hastings ENG"]
[Date "2008.12.29"]
[EventDate "2008.12.28"]
[Round "2"]
[Result "0-1"]
[White "Nigel P Donovan"]
[Black "Didier Leroy"]
[WhiteElo "2093"]
[BlackElo "2286"]
[PlyCount "42"]

1. e4 c5 2. Nf3 g6 3. d4 cxd4 4. Qxd4 Nf6 5. Bb5 a6 6. e5 axb5
7. exf6 Nc6 8. fxe7 Qxe7+ 9. Qe3 b4 10. O-O Qxe3 11. Bxe3 Bg7
12. c3 O-O 13. Rd1 d5 14. Nd4 Nxd4 15. Bxd4 Re8 16. Bxg7 Kxg7
17. cxb4 Re2 18. Nc3 Rxb2 19. Rxd5 Be6 20. Rb5 Ra3 21. Rc1
Rxc3 0-1

[Event "Hastings Chess Congress"]
[Site "Hastings ENG"]
[Date "2008.12.29"]
[EventDate "2008.12.28"]
[Round "2"]
[Result "1-0"]
[White "John Anderson"]
[Black "James J McDonnell"]
[WhiteElo "2213"]
[BlackElo "2041"]
[PlyCount "65"]

1. e4 c5 2. Nc3 Nc6 3. g3 g6 4. Bg2 Bg7 5. d3 d6 6. f4 e6
7. Nf3 Nge7 8. Be3 Nd4 9. Qd2 Rb8 10. O-O O-O 11. Nd1 b6
12. Ne1 d5 13. e5 Ndc6 14. Kh1 Ba6 15. Rg1 Qd7 16. Nf3 Rbd8
17. Re1 Qc7 18. Bg1 Nf5 19. g4 Nfe7 20. Nf2 Kh8 21. Rac1 Qd7
22. c3 Ng8 23. g5 Nce7 24. d4 Nf5 25. Ng4 cxd4 26. Bxd4 Rc8
27. Nf6 Qc7 28. Rcd1 Rfd8 29. Bh3 Qc6 30. Bxf5 gxf5 31. Qf2
Ne7 32. Qh4 Bxf6 33. gxf6 1-0

[Event "Hastings Chess Congress"]
[Site "Hastings ENG"]
[Date "2008.12.29"]
[EventDate "2008.12.28"]
[Round "2"]
[Result "0-1"]
[White "Richard J Webster"]
[Black "Konstantinos Nikolaidis"]
[WhiteElo "1975"]
[BlackElo "2264"]
[PlyCount "96"]

1. d4 Nf6 2. c4 e6 3. Nc3 Bb4 4. e3 b6 5. Bd2 Bb7 6. Nf3 O-O
7. Bd3 Bxc3 8. Bxc3 Ne4 9. Rc1 f5 10. O-O Rf6 11. Qe2 Rg6
12. Ne1 c5 13. b3 Nxc3 14. Rxc3 Qf6 15. Rc1 cxd4 16. e4 fxe4
17. Bxe4 Bxe4 18. Qxe4 Nc6 19. f4 Rf8 20. Nd3 Qf5 21. Qe2 Qg4
22. Qxg4 Rxg4 23. h3 Rg3 24. Rcd1 g5 25. Ne5 gxf4 26. Nxc6
dxc6 27. Rxd4 e5 28. Re4 Rf5 29. Kh2 Rfg5 30. Rf2 Kg7 31. Rd2
Kf6 32. c5 Rc3 33. cxb6 axb6 34. Ra4 Rg7 35. Ra6 Rb7 36. Ra8
Re7 37. Rf8+ Kg5 38. Rb8 b5 39. Rd6 e4 40. Rf8 e3 41. Rdf6 e2
42. h4+ Kh5 43. Rf5+ Kxh4 44. Rg8 Re6 45. Rxf4+ Kh5 46. Rf7
Kh6 47. Rgg7 e1=Q 48. Rxh7+ Kg5 0-1

[Event "Hastings Chess Congress"]
[Site "Hastings ENG"]
[Date "2008.12.29"]
[EventDate "2008.12.28"]
[Round "2"]
[Result "1/2-1/2"]
[White "Oliver Jackson"]
[Black "Yang-Fan Zhou"]
[WhiteElo "2182"]
[BlackElo "2276"]
[PlyCount "72"]

1. e4 c5 2. Nc3 Nc6 3. f4 g6 4. Nf3 Bg7 5. Bb5 Nd4 6. O-O Nxb5
7. Nxb5 d5 8. exd5 a6 9. Nc3 Nf6 10. d4 Nxd5 11. dxc5 Nxc3
12. Qxd8+ Kxd8 13. bxc3 Be6 14. Rb1 Kc7 15. f5 Bxf5 16. Bf4+
Kc8 17. Rb6 Bd7 18. Rfb1 Bc6 19. Nd4 Bxd4+ 20. cxd4 Rd8
21. Rd1 f6 22. c3 e5 23. Be3 f5 24. Bg5 Rd5 25. Bf6 exd4
26. cxd4 Kd7 27. Re1 Re8 28. Rbb1 Re4 29. Kf2 Ke6 30. Be5 Rd7
31. Rxe4 Bxe4 32. Rb6+ Bc6 33. Ke3 g5 34. g3 Kd5 35. Rb2 Rf7
36. Rf2 h6 1/2-1/2

[Event "Hastings Chess Congress"]
[Site "Hastings ENG"]
[Date "2008.12.29"]
[EventDate "2008.12.28"]
[Round "2"]
[Result "0-1"]
[White "Bernard Cafferty"]
[Black "Jacques Bernard"]
[WhiteElo "2179"]
[BlackElo "2257"]
[PlyCount "52"]

1. e3 g6 2. c4 Bg7 3. Nf3 f5 4. d4 Nf6 5. Nc3 O-O 6. b4 e6
7. Be2 b6 8. O-O c5 9. bxc5 bxc5 10. Ba3 Na6 11. Rb1 d6
12. Qa4 Qd7 13. Rfd1 Qxa4 14. Nxa4 Ne4 15. Rb5 Bd7 16. Ra5 Nb4
17. dxc5 Nxa2 18. cxd6 Bxa4 19. Rxa4 Nac3 20. d7 Rfd8 21. Ra6
Nxd1 22. Bxd1 Rxd7 23. Ba4 Rc7 24. Rxe6 Nc5 25. Rc6 Rac8
26. Bxc5 Rxc6 0-1

[Event "Hastings Chess Congress"]
[Site "Hastings ENG"]
[Date "2008.12.29"]
[EventDate "2008.12.28"]
[Round "2"]
[Result "1-0"]
[White "Odion Aikhoje"]
[Black "Paul Hopper"]
[WhiteElo "2260"]
[BlackElo "2173"]
[PlyCount "33"]

1. Nf3 g6 2. d4 Bg7 3. Bf4 d6 4. e3 Nd7 5. c3 e5 6. Bg3 Qe7
7. h3 e4 8. Nfd2 Ngf6 9. Be2 O-O 10. Qa4 Nb6 11. Qa3 Bd7
12. c4 Rfe8 13. Nc3 Bf8 14. Bh4 d5 15. Qxe7 Bxe7 16. Bxf6 Bxf6
17. c5 1-0

[Event "Hastings Chess Congress"]
[Site "Hastings ENG"]
[Date "2008.12.29"]
[EventDate "2008.12.28"]
[Round "2"]
[Result "1/2-1/2"]
[White "David Ledger"]
[Black "Sohel Chowdhury"]
[WhiteElo "2254"]
[BlackElo "2168"]
[PlyCount "54"]

1. e4 c5 2. b3 e6 3. Bb2 Nf6 4. Nc3 Nc6 5. f4 d6 6. Bb5 Bd7
7. Nf3 a6 8. Bxc6 Bxc6 9. d3 Qc7 10. O-O Be7 11. Qe1 O-O-O
12. Ne2 h5 13. Ng5 Rhf8 14. Qd2 d5 15. e5 Nd7 16. Nf3 g5
17. Nxg5 Bxg5 18. fxg5 d4 19. b4 Qxe5 20. bxc5 Nxc5 21. Ba3 h4
22. Rf2 Rg8 23. Bc1 h3 24. Qf4 Qd5 25. Qf3 Qe5 26. Qf4 Qd5
27. Qf3 Qe5 1/2-1/2

[Event "Hastings Chess Congress"]
[Site "Hastings ENG"]
[Date "2008.12.29"]
[EventDate "2008.12.28"]
[Round "2"]
[Result "0-1"]
[White "Simon Knight"]
[Black "Michael J R White"]
[WhiteElo "2148"]
[BlackElo "2242"]
[PlyCount "64"]

1. e4 c5 2. Nf3 Nc6 3. d4 cxd4 4. Nxd4 e5 5. Nb5 a6 6. Nd6+
Bxd6 7. Qxd6 Qf6 8. Qc7 Nge7 9. c4 Nd4 10. Na3 d6 11. Be3 Nec6
12. O-O-O O-O 13. Nc2 b5 14. Nxd4 Nxd4 15. Kb1 Bg4 16. Rc1 Qg6
17. f3 Nxf3 18. gxf3 Bxf3 19. Bd3 Bxe4 20. Bc2 Rac8 21. Qe7
Bxc2+ 22. Ka1 Rxc4 23. Rhg1 Qe6 24. Qxe6 fxe6 25. b3 Rcc8
26. Kb2 Bg6 27. Ka3 d5 28. Bc5 Rfd8 29. Kb4 d4 30. Be7 Re8
31. Bd6 e4 32. Be5 d3 0-1

[Event "Hastings Chess Congress"]
[Site "Hastings ENG"]
[Date "2008.12.29"]
[EventDate "2008.12.28"]
[Round "2"]
[Result "1/2-1/2"]
[White "Daniel Rocks"]
[Black "Matthew N Anderton"]
[WhiteElo "2129"]
[BlackElo "2232"]
[PlyCount "60"]

1. e4 e6 2. d4 d5 3. Nd2 Nf6 4. e5 Nfd7 5. c3 c5 6. Bd3 Nc6
7. Ne2 cxd4 8. cxd4 Qb6 9. Nf3 f6 10. exf6 Nxf6 11. O-O Bd6
12. Re1 O-O 13. a3 Bd7 14. Nc3 Kh8 15. Be3 Be8 16. Ng5 Bf7
17. Nxf7+ Rxf7 18. Na4 Qc7 19. h3 e5 20. Bf1 exd4 21. Bxd4 Ne4
22. Re2 Raf8 23. Rc1 Bf4 24. Bc5 Rd8 25. Rcc2 Qd7 26. Be3 Bd6
27. Nc5 Qe7 28. Nxe4 dxe4 29. Red2 Qe5 30. g3 Qf6 1/2-1/2

[Event "Hastings Chess Congress"]
[Site "Hastings ENG"]
[Date "2008.12.29"]
[EventDate "2008.12.28"]
[Round "2"]
[Result "1/2-1/2"]
[White "Ian Snape"]
[Black "Juan Carlos Fernandez Fernandez"]
[WhiteElo "2219"]
[BlackElo "2062"]
[PlyCount "75"]

1. Nf3 Nf6 2. c4 g6 3. Nc3 d5 4. cxd5 Nxd5 5. Qa4+ Nc6 6. Ne5
Nxc3 7. dxc3 Bd7 8. Nxd7 Qxd7 9. e4 Ne5 10. Qxd7+ Nxd7 11. Be2
Bg7 12. Be3 O-O 13. O-O Rfd8 14. Rfd1 Nb6 15. Bf4 e5 16. Bg5
f6 17. Be3 Bf8 18. Rxd8 Rxd8 19. Rd1 Rxd1+ 20. Bxd1 a5 21. Kf1
Kf7 22. Ke2 f5 23. exf5 gxf5 24. Bc2 Kf6 25. f4 Bd6 26. fxe5+
Bxe5 27. Bd4 Nd5 28. Bxe5+ Kxe5 29. Kf3 b6 30. Ba4 h6 31. Bc6
Ne7 32. Be8 Kf6 33. Kf4 Nd5+ 34. Kf3 Ne7 35. g3 Kg5 36. h3 Kf6
37. Kf4 Nd5+ 38. Kf3 1/2-1/2

[Event "Hastings Chess Congress"]
[Site "Hastings ENG"]
[Date "2008.12.29"]
[EventDate "2008.12.28"]
[Round "2"]
[Result "1/2-1/2"]
[White "Dominic Foord"]
[Black "David Spence"]
[WhiteElo "2043"]
[BlackElo "2214"]
[PlyCount "57"]

1. Nf3 Nf6 2. c4 e6 3. Nc3 Bb4 4. Qc2 c5 5. a3 Ba5 6. d4 b6
7. Bg5 Bb7 8. d5 exd5 9. cxd5 Bxd5 10. O-O-O Bc6 11. e4 Qc7
12. Nd5 Bxd5 13. exd5 Qd6 14. b4 h6 15. Bxf6 Qxf6 16. Kb1 O-O
17. bxa5 bxa5 18. Qb2 Qd6 19. Bd3 Na6 20. Bxa6 Qxa6 21. Qc2
Rab8+ 22. Ka2 c4 23. Rd4 c3 24. Qxc3 Rfc8 25. Qd3 Qxd3
26. Rxd3 Rc2+ 27. Ka1 Rbb2 28. Rhd1 Ra2+ 29. Kb1 1/2-1/2